000 00332nam a22001217a 4500
020 _a1845930339
082 _a338.18091722
_bBLA / PO
100 _aHill. B
_aBlandford. D
_9274
245 _aPolicy Reform & Adjustment in the Agricultural Sectors of Developed Countries
260 _aLondon
_bCabi
_c2006
300 _a279
942 _cBK
999 _c14213
_d14213